Online Catalogue and eLibrary

Ilankait Tamil cinemavin katai (Record no. 1190)

MARC details
000 -LEADER
fixed length control field 00378nam a2200145Ia 4500
005 - DATE AND TIME OF LATEST TRANSACTION
control field 20250707024947.0
008 - FIXED-LENGTH DATA ELEMENTS--GENERAL INFORMATION
fixed length control field 240331s9999 xx 000 0 und d
082 ## - DDC Classification
Class No. 302.234
Item Number - Author Mark THE
100 ## - MAIN ENTRY--PERSONAL NAME
Personal name Thevathas, T
245 #0 - TITLE STATEMENT
Title Ilankait Tamil cinemavin katai
260 ## - PUBLICATION, DISTRIBUTION, ETC.
Place of publication, distribution, etc. Colombo
Name of publisher, distributor, etc. VST Publication
Date of publication, distribution, etc. 2015
300 ## - PHYSICAL DESCRIPTION
Extent (e.g. Volumes, Pages etc.) 305 p .,
500 ## - GENERAL NOTE
General note Story of Sri Lankan Tamil films
942 ## - Koha item type (Biblio)
Koha item type Books in Stacks (Lending)
Holdings
Lost status Damaged status Collection code Home library Current library Shelving location Date acquired Full call number Accession Number Item type
    Lending WERC Library WERC Library Social Science Cupboard 03/31/2024 302.234 THE 3411 Books in Stacks (Lending)

© WERC Library